000 00501nam a2200181Ia 4500
008 140626s9999 xx 000 0 und d
100 _aFox.
245 _aModeling with dynamical systems for decision making and analysis /
_cFox ... [et al.].
260 _cc2011.
300 _a2 : 1, page 19
440 _aComputers in Education Journal
521 _aIT
650 _aDecision .
650 _aDefense analysis.
650 _aDynamicalsystems.
650 _aSystem structure.
942 _cSE
999 _c120895
_d120895